El bien del intelecto / (Record no. 15015)
[ view plain ]
| 000 -CABECERA | |
|---|---|
| campo de control de longitud fija | 01012cam a2200253 a 4500 |
| 001 - NÚMERO DE CONTROL | |
| campo de control | 000015459 |
| 005 - FECHA Y HORA DE LA ÚLTIMA TRANSACCIÓN | |
| campo de control | 20200929164040.0 |
| 008 - DATOS DE LONGITUD FIJA--INFORMACIÓN GENERAL | |
| campo de control de longitud fija | 981102s1997 ve 001 0 spa |
| 020 ## - NÚMERO INTERNACIONAL ESTÁNDAR DEL LIBRO | |
| Número Internacional Estándar del Libro | 980011016X |
| 040 ## - FUENTE DE LA CATALOGACIÓN | |
| Centro catalogador/agencia de origen | DO-SdBNP |
| Lengua de catalogación | spa |
| Centro/agencia modificador | BNPHU |
| 082 ## - NÚMERO DE LA CLASIFICACIÓN DECIMAL DEWEY | |
| Número de clasificación | 150.19 |
| Número de documento/Ítem | B588i |
| 245 03 - MENCIÓN DE TÍTULO | |
| Título | El bien del intelecto / |
| Mención de responsabilidad, etc. | Mariano Picón-Salas ... [et al.]. |
| 260 ## - PUBLICACIÓN, DISTRIBUCIÓN, ETC. | |
| Lugar de publicación, distribución, etc. | Venezuela : |
| Nombre del editor, distribuidor, etc. | Monte Ávila Editores Latinoamericana, |
| Fecha de publicación, distribución, etc. | 1997. |
| 300 ## - DESCRIPCIÓN FÍSICA | |
| Extensión | 63 p. ; |
| Dimensiones | 16 cm. |
| 490 1# - MENCIÓN DE SERIE | |
| Mención de serie | Monte Ávila breve |
| Designación de volumen o secuencia | 4 |
| 500 ## - NOTA GENERAL | |
| Nota general | "50o aniversario de la Facultad de Humanidades y Educación, Universidad Central de Venezuela." |
| 650 #4 - PUNTO DE ACCESO ADICIONAL DE MATERIA--TÉRMINO DE MATERIA | |
| Término de materia o nombre geográfico como elemento de entrada | Psicología |
| Subdivisión general | Teoría |
| 9 (RLIN) | 34921 |
| 610 24 - PUNTO DE ACCESO ADICIONAL DE MATERIA--NOMBRE DE ENTIDAD CORPORATIVA | |
| Nombre de entidad corporativa o nombre de jurisdicción como elemento de entrada | UNIVERSIDAD CENTRAL DE VENEZUELA |
| Unidad subordinada | FACULTAD DE HUMANIDADES Y EDUCACIÓN |
| Subdivisión general | HISTORIA |
| 9 (RLIN) | 34922 |
| 700 1# - PUNTO DE ACCESO ADICIONAL--NOMBRE DE PERSONA | |
| Nombre de persona | Picón-Salas, Mariano, |
| Fechas asociadas al nombre | 1901-1965. |
| 9 (RLIN) | 9942 |
| 700 1# - PUNTO DE ACCESO ADICIONAL--NOMBRE DE PERSONA | |
| Nombre de persona | Caballero, Manuel |
| 9 (RLIN) | 15952 |
| 700 1# - PUNTO DE ACCESO ADICIONAL--NOMBRE DE PERSONA | |
| Nombre de persona | Díaz, Trino Alcides |
| 9 (RLIN) | 34923 |
| 700 1# - PUNTO DE ACCESO ADICIONAL--NOMBRE DE PERSONA | |
| Nombre de persona | Bernal, Josefina |
| 9 (RLIN) | 34924 |
| 710 2# - PUNTO DE ACCESO ADICIONAL--NOMBRE DE ENTIDAD CORPORATIVA | |
| Nombre de entidad corporativa o nombre de jurisdicción como elemento de entrada | Universidad Central de Venezuela. |
| Unidad subordinada | Facultad de Humanidades y Educación. |
| 9 (RLIN) | 34114 |
| Estado de retiro | Estado de pérdida | Restricciones de uso | No para préstamo | Código de colección | Localización permanente | Ubicación/localización actual | Ubicación en estantería | Fecha de adquisición | Número de inventario | Total de préstamos | Signatura topográfica completa | Código de barras | Fecha visto por última vez | Precio válido a partir de | Tipo de ítem Koha |
|---|---|---|---|---|---|---|---|---|---|---|---|---|---|---|---|
| Excluido de préstamo | Monografías: Libros y Folletos | General | General | Depósito | 09.02.2010 | LF1 | 150.19 B588i | 15459-10 | 25.06.2020 | 25.06.2020 | No se presta | ||||
| Excluido de préstamo | Monografías: Libros y Folletos | General | General | Depósito | 22.05.2017 | LF1 | 150.19 B588i | 15459-20 | 25.06.2020 | 25.06.2020 | No se presta |
